000 00324nam a2200133Ia 4500
008 210215s9999 xx 000 0 und d
020 _a9386943166
082 _a615.5
_bPAN-A
100 _aPANDEY MEENU
245 2 _aA PRACTICAL BOOK OF COMMUNICATION SKILLS
260 _bNIRALI PRAKASHAN
300 _a10.12
942 _cBK
999 _c33228
_d33228